10 Bands on O - Statistics

General Stats
  • This quiz has been taken 19 times
  • The average score is 2 of 10
Answer Stats
Answer % Correct
Oasis
75%
One Direction
50%
OneRepublic
44%
Outkast
19%
the Offspring
19%
the Osmonds
13%
O.A.R
6%
Old Dominion
0%
On Montreal
0%
Our Lady Peace
0%
No matching quizzes found
Score Distribution
Percent of People with Each Score
Percentile by Number Answered
Your Score History
You have not taken this quiz